header

WHAT'S WORTH FIGHTING FOR IN THE PRINCIPALSHIP (Record no. 252098)

MARC details
000 -LEADER
fixed length control field 00289nam a22001097a 4500
020 ## - INTERNATIONAL STANDARD BOOK NUMBER
ISBN 0807737054
100 ## - MAIN ENTRY--AUTHOR NAME
Personal name FULLAN MICHAEL
245 ## - TITLE STATEMENT
Title WHAT'S WORTH FIGHTING FOR IN THE PRINCIPALSHIP
260 ## - PUBLICATION, DISTRIBUTION, ETC. (IMPRINT)
Place of publication AMSTERDAM AVENUE,NEW YORK.
Name of publisher TEACHERS COLLEGE PRESS
Year of publication 1997
300 ## - PHYSICAL DESCRIPTION
Number of Pages 53
942 ## - ADDED ENTRY ELEMENTS (KOHA)
Koha item type Long Loan Books
Holdings
Withdrawn status Lost status Collection code Home library Current library Shelving location Date acquired Full call number Accession Number Koha item type
    Non-fiction Rongo University Library Rongo University Library General Stacks 21/01/2016 LB2831.6 .F85 2008 20155766 Long Loan Books

© 2026 Rongo University
Contact us: librarian | system librarian | Rongo university